000 01882cas a2200433 a 4500
001 000553327
003 AM-YeHGA
005 20250617140117.0
008 070807c20039999ai fr p 0 0engo
022 _a1829-1104
040 _aAM-YeHGA
041 0 _aeng
041 0 _aarm
041 0 _arus
245 0 0 _a21st century =
_b21-i vek = Нораванк = 21-րդ դար /
_c"Noravank" gitakrtakan himnadram.
246 3 1 _a21st century
246 3 1 _aDvadtsat pervyi vek
246 3 1 _a21-րդ դար : «Նորավանք» գիտակրթական հիմնադրամի հանդես
246 3 1 _aНораванк
260 _aRepublik of Armenia, Yerevan :
_b"Noravank".,
_c2003-.
270 _aGaregin Nzhde St. 23/1
_bArmenia
_k(374 10) 44 38 46
_l(374 10) 44 38 46
_m21dar@noravank.am
300 _av. ;
_c25 x 18 cm.
310 _aSemiannual
500 _aZhurnal fonda "Noravank'" = "Journal of 'Noravank' foundation."
500 _a21-րդ դար: «Նորավանք» գիտակրթական հիմնադրամի հանդես- 2003-
500 _aՀրատարակությունների համար պատասխանատու է Հիմնադրամի «Հրատարակչական կենտրոնը» (ղեկավար` Լուսինե Բաղրամյան)
500 _aDescription based on: 2006, no. 1 (Iiul 2006).
500 _aLatest issue consulted: 2007, no. 1 (Mart 2007).
546 _aНа армянском, русском и английском языках
650 0 4 _aԱմսագիր
650 0 _aInternational relations
_vPeriodicals.
651 0 _aArmenia (Republic)
_xForeign relations
_vPeriodicals.
651 0 _aArmenia (Republic)
_xPolitics and government
_vPeriodicals.
710 2 _a"Noravank" gitakrtakan himnadram.
856 4 _awww.armrosgasprom.am
856 4 1 _awww.armrosgasprom.am
942 _2udc
_cCR
090 _c215166
999 _c213651
_d213651